LEADER 01993nam 2200421 450 001 996281146403316 005 20230415131244.0 010 $a1-4799-8928-2 035 $a(CKB)3710000000578052 035 $a(NjHacI)993710000000578052 035 $a(EXLCZ)993710000000578052 100 $a20230415d2015 uy 0 101 0 $aeng 135 $aur||||||||||| 181 $ctxt$2rdacontent 182 $cc$2rdamedia 183 $acr$2rdacarrier 200 10$a2015 IEEE Conference on Standards for Communications and Networking (CSCN) /$fInstitute of Electrical and Electronics Engineers 210 1$aPiscataway, New Jersey :$cIEEE,$d[2015] 210 4$dİ2015 215 $a1 online resource (320 pages) $cillustrations 311 $a1-4799-8929-0 311 $a1-4799-8927-4 330 $aAnnotation Standards play a key role in the success of the communications industry, as enablers of global systems inter operability IEEE CSCN aims for closing the gap between researchers, scientists and standards experts from academia, industry and different standardization bodies It will serve as a platform for presenting and discussing standards related topics in the areas of communications, networking and related disciplines, facilitating standards development as well as cooperation among the key players. 517 $a2015 IEEE Conference on Standards for Communications and Networking 517 $a2015 IEEE Conference on Standards for Communications and Networking (CSCN) 517 $aStandards for Communications and Networking 606 $aComputer network protocols$vCongresses 606 $aComputer networks$xStandards$vCongresses 615 0$aComputer network protocols 615 0$aComputer networks$xStandards 676 $a004.62 801 0$bNjHacI 801 1$bNjHacl 906 $aPROCEEDING 912 $a996281146403316 996 $a2015 IEEE Conference on Standards for Communications and Networking (CSCN)$93088970 997 $aUNISA LEADER 00881cam0 2200265 450 001 E600200037830 005 20240112185126.0 100 $a20080617d2005 |||||ita|0103 ba 101 $aita 102 $aIT 200 1 $a<>'arbritrato irrituale$fMassimo Curti 210 $aTorino$cUtet Giuridica$d2005 215 $aXIII, 294 p.$d24 cm 225 2 $aIl Diritto attuale$v49 410 1$1001LAEC00015113$12001 $a*Il Diritto attuale$v49 700 1$aCurti$b, Massimo$3A600200048637$4070$0425339 801 0$aIT$bUNISOB$c20240112$gRICA 850 $aUNISOB 852 $aUNISOB$j340|Coll|16|K$m138965 912 $aE600200037830 940 $aM 102 Monografia moderna SBN 941 $aM 957 $a340|Coll|16|K$b000057$gSi$d138965$racquisto$1pomicino$2UNISOB$3UNISOB$420080617080513.0$520240112185112.0$6Alfano 996 $aArbritrato irrituale$91685406 997 $aUNISOB